[Event "Toronto int."]
[Site "Toronto CAN"]
[Date "1998.05.15"]
[Round "2"]
[White "Gandolfi, Fred"]
[Black "Kreiman, Boris"]
[Result "0-1"]
[WhiteElo "2210"]
[BlackElo "2445"]
[PlyCount "100"]
[GameId "2160767911873231"]
[EventDate "1998.05.14"]
[EventType "swiss"]
[EventRounds "9"]
[EventCountry "CAN"]
[SourceTitle "CBM 65 ext"]
[Source "ChessBase"]
[SourceDate "1998.09.09"]
[SourceVersion "1"]
[SourceVersionDate "1998.09.09"]
[SourceQuality "1"]

1. d4 Nf6 2. c4 g6 3. Nc3 d5 4. cxd5 Nxd5 5. e4 Nxc3 6. bxc3 Bg7 7. Bc4 c5 8. Ne2 O-O 9. O-O Nc6 10. Be3 Qc7 11. Rc1 Bd7 12. f4 e6 13. dxc5 Rad8 14. Qe1 Na5 15. Bb3 Bb5 16. c4 Bc6 17. e5 Rd3 18. Rc3 Rfd8 19. Rxd3 Rxd3 20. Nc1 Rd7 21. Rf2 Bf8 22. Rd2 Rxd2 23. Qxd2 Be4 24. Qd4 Qc6 25. Qd2 Qc7 26. Qf2 Qd7 27. Qe1 Qc7 28. Qd2 Bxc5 29. Bxc5 Qxc5+ 30. Kf1 Nc6 31. Ne2 h5 32. Ng3 Bf5 33. Nxf5 exf5 34. Qd5 Qe3 35. Qf3 Qc1+ 36. Kf2 Qd2+ 37. Kf1 Nd4 38. Qf2 Qc1+ 39. Qe1 Qxf4+ 40. Kg1 Ne6 41. h3 Nc5 42. Qa5 Qxe5 43. Qxa7 f4 44. Qa8+ Kg7 45. Qd8 Qe3+ 46. Kh2 f3 47. gxf3 Qf2+ 48. Kh1 Qxf3+ 49. Kh2 Qf2+ 50. Kh1 Ne4 0-1

[Event "Toronto int."]
[Site "Toronto CAN"]
[Date "1998.05.15"]
[Round "2"]
[White "Gardner, Robert"]
[Black "Okolotowicz, Zbigniew"]
[Result "1-0"]
[WhiteElo "2180"]
[BlackElo "2213"]
[PlyCount "91"]
[GameId "2160767911873233"]
[EventDate "1998.05.14"]
[EventType "swiss"]
[EventRounds "9"]
[EventCountry "CAN"]
[SourceTitle "CBM 65 ext"]
[Source "ChessBase"]
[SourceDate "1998.09.09"]
[SourceVersion "1"]
[SourceVersionDate "1998.09.09"]
[SourceQuality "1"]

1. e4 c5 2. Nf3 Nc6 3. d4 cxd4 4. Nxd4 e5 5. Nb5 d6 6. c4 Be7 7. N5c3 f5 8. Bd3 Nf6 9. exf5 O-O 10. g4 Ne8 11. Be3 Bh4 12. Nd2 Nf6 13. g5 d5 14. cxd5 Nb4 15. Nf3 Nxd3+ 16. Qxd3 e4 17. Nxe4 Nxe4 18. Qxe4 Bxf5 19. Qd4 Re8 20. Nxh4 Re4 21. Nxf5 Rxd4 22. Nxd4 Qxd5 23. O-O Re8 24. Ne2 Qb5 25. Ng3 Qxb2 26. Rab1 Qxa2 27. Rxb7 Rd8 28. Rxa7 Qc2 29. Rc1 Rd1+ 30. Rxd1 Qxd1+ 31. Kg2 Qc2 32. Bd4 h5 33. Rxg7+ Kf8 34. h4 Qc4 35. Bf6 Qd5+ 36. Kh3 Qe6+ 37. Kh2 Qb6 38. Kg1 Qb1+ 39. Kg2 Qd3 40. Re7 Qd1 41. g6 Qd5+ 42. Ne4 Qc6 43. Kg3 Qc8 44. f3 Qb8+ 45. Be5 Qb3 46. Rf7+ 1-0

[Event "Toronto int."]
[Site "Toronto CAN"]
[Date "1998.05.15"]
[Round "2"]
[White "Hum, Peter"]
[Black "Golyak, Isay"]
[Result "0-1"]
[WhiteElo "2267"]
[BlackElo "2290"]
[PlyCount "72"]
[GameId "2160767911873237"]
[EventDate "1998.05.14"]
[EventType "swiss"]
[EventRounds "9"]
[EventCountry "CAN"]
[SourceTitle "CBM 65 ext"]
[Source "ChessBase"]
[SourceDate "1998.09.09"]
[SourceVersion "1"]
[SourceVersionDate "1998.09.09"]
[SourceQuality "1"]

1. d4 Nf6 2. Bg5 g6 3. Bxf6 exf6 4. e3 Bg7 5. g3 O-O 6. Bg2 d6 7. Ne2 f5 8. c4 c6 9. Nbc3 Re8 10. O-O Nd7 11. b4 Nf6 12. Qd3 Qe7 13. a4 a5 14. b5 Bd7 15. Ra2 Ne4 16. Rb2 g5 17. Rfb1 Nxc3 18. Nxc3 f4 19. bxc6 bxc6 20. e4 Qf6 21. Ne2 Bg4 22. f3 Be6 23. Rb6 c5 24. d5 Bd7 25. Qb3 h5 26. Kh1 fxg3 27. Nxg3 Qg6 28. Ne2 h4 29. Rg1 Kh8 30. Bf1 Be5 31. Nc3 Bd4 32. Nb5 Bxb5 33. Qxb5 Bxg1 34. Kxg1 g4 35. Qd7 gxf3+ 36. Kf2 Qxe4 0-1

[Event "Toronto int."]
[Site "Toronto CAN"]
[Date "1998.05.15"]
[Round "2"]
[White "Kapetanovic, Armin"]
[Black "Haessel, Dale"]
[Result "1-0"]
[WhiteElo "2465"]
[BlackElo "2225"]
[PlyCount "83"]
[GameId "2160767911873238"]
[EventDate "1998.05.14"]
[EventType "swiss"]
[EventRounds "9"]
[EventCountry "CAN"]
[SourceTitle "CBM 065 Extra"]
[Source "ChessBase"]
[SourceDate "1998.09.09"]
[SourceVersion "1"]
[SourceVersionDate "1998.09.09"]
[SourceQuality "1"]

1. d4 Nf6 2. Nf3 e6 3. c4 b6 4. Bf4 Bb7 5. e3 Bb4+ 6. Nbd2 O-O 7. a3 Be7 8. Bd3 c5 9. Qc2 cxd4 10. Nxd4 d6 11. Nb5 a6 12. Nc3 Nbd7 13. b4 h6 14. O-O Nh5 15. Rfd1 Qc7 16. Rac1 Rac8 17. h3 Nxf4 18. exf4 Qb8 19. Qb3 g6 20. Be4 Nf6 21. Bxb7 Qxb7 22. Nf1 Rc7 23. Ne3 Rfc8 24. b5 a5 25. Ne2 d5 26. Nd4 dxc4 27. Nxc4 Nd5 28. g3 Rc5 29. Nc6 Bf8 30. a4 Rc7 31. N4e5 Rxc1 32. Rxc1 Bg7 33. Nc4 Rd7 34. Rd1 h5 35. h4 Bf8 36. Qf3 Bc5 37. N4e5 Rd6 38. f5 gxf5 39. Qxh5 Nb4 40. Rxd6 Bxd6 41. Nd8 Qc7 42. Nexf7 1-0

[Event "Toronto int."]
[Site "Toronto CAN"]
[Date "1998.05.15"]
[Round "2"]
[White "Linskiy, Oleg"]
[Black "Novikov, Igor A"]
[Result "0-1"]
[WhiteElo "2375"]
[BlackElo "2550"]
[PlyCount "46"]
[GameId "2160767911873240"]
[EventDate "1998.05.14"]
[EventType "swiss"]
[EventRounds "9"]
[EventCountry "CAN"]
[SourceTitle "CBM 065 Extra"]
[Source "ChessBase"]
[SourceDate "1998.09.09"]
[SourceVersion "1"]
[SourceVersionDate "1998.09.09"]
[SourceQuality "1"]

1. e4 c5 2. Nc3 d6 3. Nf3 a6 4. d4 cxd4 5. Nxd4 Nf6 6. Bg5 e6 7. Qd3 b5 8. f4 Nbd7 9. a3 Bb7 10. Be2 Be7 11. Bf3 Qb6 12. O-O-O h6 13. Bxf6 Bxf6 14. h4 O-O-O 15. Kb1 Ne5 16. fxe5 dxe5 17. Ncxb5 exd4 18. e5 Bxf3 19. Qxf3 Bxe5 20. Qa8+ Kd7 21. Qe4 Qxb5 22. c4 Qb8 23. Rhe1 Bf6 0-1

[Event "Toronto int."]
[Site "Toronto CAN"]
[Date "1998.05.15"]
[Round "2"]
[White "Milicevic, Goran"]
[Black "Wight, Keith"]
[Result "1-0"]
[WhiteElo "2370"]
[BlackElo "2163"]
[PlyCount "43"]
[GameId "2160767911873242"]
[EventDate "1998.05.14"]
[EventType "swiss"]
[EventRounds "9"]
[EventCountry "CAN"]
[SourceTitle "CBM 65 ext"]
[Source "ChessBase"]
[SourceDate "1998.09.09"]
[SourceVersion "1"]
[SourceVersionDate "1998.09.09"]
[SourceQuality "1"]

1. d4 Nf6 2. Nf3 g6 3. Nc3 d5 4. Bf4 Bg7 5. h3 c6 6. e3 Qb6 7. Qc1 Nbd7 8. Be2 O-O 9. O-O h6 10. Rd1 Nh5 11. Bh2 f5 12. Ne5 Bxe5 13. dxe5 Ng7 14. Kh1 Kh7 15. Na4 Qa5 16. b3 b5 17. Nb2 Nc5 18. f3 b4 19. a3 bxa3 20. Nd3 Qc3 21. Qxa3 Nxd3 22. Rxd3 1-0

[Event "Toronto int."]
[Site "Toronto CAN"]
[Date "1998.05.15"]
[Round "2"]
[White "Rajlich, Vasik"]
[Black "Lamb, Bryan"]
[Result "1-0"]
[WhiteElo "2265"]
[BlackElo "2110"]
[PlyCount "63"]
[GameId "2160767911873243"]
[EventDate "1998.05.14"]
[EventType "swiss"]
[EventRounds "9"]
[EventCountry "CAN"]
[SourceTitle "CBM 065 Extra"]
[Source "ChessBase"]
[SourceDate "1998.09.09"]
[SourceVersion "1"]
[SourceVersionDate "1998.09.09"]
[SourceQuality "1"]

1. e4 e6 2. d4 d5 3. e5 c5 4. c3 Qb6 5. Nf3 Bd7 6. a3 Bb5 7. c4 Bxc4 8. Bxc4 dxc4 9. Nc3 Nc6 10. dxc5 Qxc5 11. O-O Qa5 12. Qe2 Nge7 13. Qxc4 Ng6 14. Nb5 a6 15. Nd6+ Bxd6 16. exd6 O-O 17. b4 Nce5 18. Qc3 Nxf3+ 19. Qxf3 Qe5 20. Be3 Qb5 21. Rac1 Ne5 22. Qg3 Rac8 23. a4 Qd5 24. Rcd1 Qe4 25. d7 Rcd8 26. Bc5 Nxd7 27. Bxf8 Kxf8 28. Qd3 Qc6 29. Qxh7 Qxa4 30. Qh4 f6 31. Rfe1 Rc8 32. Qh8+ 1-0

[Event "Toronto int."]
[Site "Toronto CAN"]
[Date "1998.05.15"]
[Round "2"]
[White "Rositsan, Boris"]
[Black "Ziatdinov, Raset"]
[Result "0-1"]
[WhiteElo "2241"]
[BlackElo "2515"]
[PlyCount "66"]
[GameId "2160767911873244"]
[EventDate "1998.05.14"]
[EventType "swiss"]
[EventRounds "9"]
[EventCountry "CAN"]
[SourceTitle "CBM 65 ext"]
[Source "ChessBase"]
[SourceDate "1998.09.09"]
[SourceVersion "1"]
[SourceVersionDate "1998.09.09"]
[SourceQuality "1"]

1. e4 e5 2. Nf3 Nc6 3. d4 exd4 4. Nxd4 Nf6 5. e5 Nxe5 6. Qe2 Qe7 7. Nf5 Qb4+ 8. Nc3 d6 9. Ne3 Be7 10. Bd2 Qc5 11. O-O-O c6 12. f4 Ng6 13. g3 O-O 14. h4 h5 15. Bg2 Re8 16. Bf3 Bf8 17. Rhe1 d5 18. Na4 Qd4 19. c4 Ng4 20. f5 Nh8 21. Bxg4 hxg4 22. Bc3 Qe4 23. Rd4 Qf3 24. cxd5 Qxe2 25. Rxe2 Bxf5 26. Kd2 Bd7 27. d6 b6 28. Nxg4 Rxe2+ 29. Kxe2 c5 30. Rf4 Ng6 31. Nf6+ gxf6 32. Rxf6 Bg7 33. Rf2 Bd4 0-1

[Event "Toronto int."]
[Site "Toronto CAN"]
[Date "1998.05.15"]
[Round "2"]
[White "Ruiz, Richard"]
[Black "Jung, Hans"]
[Result "1/2-1/2"]
[WhiteElo "2165"]
[BlackElo "2240"]
[PlyCount "82"]
[GameId "2160767911873246"]
[EventDate "1998.05.14"]
[EventType "swiss"]
[EventRounds "9"]
[EventCountry "CAN"]
[SourceTitle "CBM 065 Extra"]
[Source "ChessBase"]
[SourceDate "1998.09.09"]
[SourceVersion "1"]
[SourceVersionDate "1998.09.09"]
[SourceQuality "1"]

1. g3 c5 2. Nf3 Nc6 3. Bg2 e5 4. d3 d6 5. Nbd2 g6 6. e4 Bg7 7. c3 Nge7 8. O-O O-O 9. Nc4 b5 10. Ne3 a5 11. a4 b4 12. c4 h6 13. Nd2 Nd4 14. Nb3 Nec6 15. Nd5 Nxb3 16. Qxb3 Be6 17. Be3 Bxd5 18. cxd5 Ne7 19. Rac1 Kh7 20. Qd1 f5 21. b3 f4 22. Bd2 Ng8 23. Rc2 Qd7 24. Bc1 h5 25. gxf4 exf4 26. Qf3 Be5 27. Bh3 Qg7 28. Kh1 Nf6 29. Rg1 Qh6 30. Bb2 Bxb2 31. Rxb2 g5 32. Bf5+ Kh8 33. Qh3 f3 34. Qxf3 g4 35. Qe3 Qxe3 36. fxe3 Nxd5 37. Bg6 Nf6 38. Rf2 Kg7 39. Bf5 Kh6 40. Rgf1 Kg5 41. Be6 Rae8 1/2-1/2

[Event "Toronto int."]
[Site "Toronto CAN"]
[Date "1998.05.15"]
[Round "2"]
[White "Stripunsky, Alexander"]
[Black "Goldenberg, Danny"]
[Result "1-0"]
[WhiteElo "2475"]
[BlackElo "2320"]
[PlyCount "65"]
[GameId "2160767911873249"]
[EventDate "1998.05.14"]
[EventType "swiss"]
[EventRounds "9"]
[EventCountry "CAN"]
[SourceTitle "CBM 65 ext"]
[Source "ChessBase"]
[SourceDate "1998.09.09"]
[SourceVersion "1"]
[SourceVersionDate "1998.09.09"]
[SourceQuality "1"]

1. e4 c5 2. Nf3 Nc6 3. c3 Nf6 4. e5 Nd5 5. d4 cxd4 6. cxd4 d6 7. Bc4 dxe5 8. dxe5 e6 9. O-O Be7 10. Qe2 Nb6 11. Bb3 Nb4 12. Nc3 Bd7 13. Rd1 Qb8 14. Bg5 Bxg5 15. Nxg5 h6 16. Nxf7 Kxf7 17. Qf3+ Ke8 18. Qg4 Nc6 19. f4 Ne7 20. Qxg7 Rg8 21. Qh7 Kf8 22. Qxh6+ Rg7 23. Ne4 Ng8 24. Qh4 Qe8 25. Ng5 Qg6 26. Rd6 Re8 27. Qh3 Rge7 28. Rc1 Nc8 29. Rxd7 Rxd7 30. Nxe6+ Ke7 31. Qh4+ Nf6 32. exf6+ Kd6 33. f5 1-0

[Event "Toronto int."]
[Site "Toronto CAN"]
[Date "1998.05.15"]
[Round "3"]
[White "Calton, Bill"]
[Black "Dougherty, Michael"]
[Result "1/2-1/2"]
[WhiteElo "2270"]
[BlackElo "2275"]
[PlyCount "84"]
[GameId "2160767911873251"]
[EventDate "1998.05.14"]
[EventType "swiss"]
[EventRounds "9"]
[EventCountry "CAN"]
[SourceTitle "CBM 065 Extra"]
[Source "ChessBase"]
[SourceDate "1998.09.09"]
[SourceVersion "1"]
[SourceVersionDate "1998.09.09"]
[SourceQuality "1"]

1. d4 g6 2. Bg5 c5 3. d5 Bg7 4. c3 h6 5. Bh4 d6 6. e4 Nf6 7. Nd2 O-O 8. f4 Qc7 9. Bd3 e6 10. dxe6 fxe6 11. Nh3 Nc6 12. O-O Nh5 13. f5 exf5 14. exf5 Ne5 15. Bc2 Bd7 16. Nf3 Ng4 17. fxg6 Ne3 18. Qd2 Nxc2 19. Qxc2 d5 20. Qd2 d4 21. cxd4 Bxh3 22. gxh3 cxd4 23. Rae1 Qd7 24. Re7 Qd5 25. Qd3 Nf4 26. Qb3 Qxb3 27. axb3 Nxg6 28. Rxb7 Nf4 29. Kf2 d3 30. Rd1 Nxh3+ 31. Kg3 Nf4 32. Ne1 Be5 33. Kg4 h5+ 34. Kg5 Bf6+ 35. Kxf4 Bxh4+ 36. Ke3 Rae8+ 37. Kd2 Re2+ 38. Kxd3 Rxe1 39. Rxe1 Bxe1 40. Rxa7 Rf2 41. Re7 Rxh2 42. Rxe1 Rxb2 1/2-1/2

[Event "Toronto int."]
[Site "Toronto CAN"]
[Date "1998.05.15"]
[Round "3"]
[White "Gardner, Robert"]
[Black "Livshits, Ron"]
[Result "1-0"]
[WhiteElo "2180"]
[BlackElo "2360"]
[PlyCount "57"]
[GameId "2160767911873254"]
[EventDate "1998.05.14"]
[EventType "swiss"]
[EventRounds "9"]
[EventCountry "CAN"]
[SourceTitle "CBM 65 ext"]
[Source "ChessBase"]
[SourceDate "1998.09.09"]
[SourceVersion "1"]
[SourceVersionDate "1998.09.09"]
[SourceQuality "1"]

1. e4 c5 2. Nf3 d6 3. d4 cxd4 4. Nxd4 Nf6 5. Nc3 a6 6. Be2 e6 7. a4 Nc6 8. Be3 Be7 9. O-O Qc7 10. f4 O-O 11. Kh1 Re8 12. g4 Bf8 13. g5 Nd7 14. f5 Nxd4 15. Bxd4 b6 16. f6 g6 17. h4 d5 18. Kg2 dxe4 19. h5 Ne5 20. Be3 Bb7 21. hxg6 Nxg6 22. Bh5 Nh4+ 23. Kh3 Nf5 24. Bf4 Qc6 25. Bxf7+ Kh8 26. Bxe8 Rxe8 27. f7 Rc8 28. Be5+ Bg7 29. Qd4 1-0

[Event "Toronto int."]
[Site "Toronto CAN"]
[Date "1998.05.15"]
[Round "3"]
[White "Goldenberg, Danny"]
[Black "Hum, Peter"]
[Result "1-0"]
[WhiteElo "2320"]
[BlackElo "2267"]
[PlyCount "83"]
[GameId "2160767911873255"]
[EventDate "1998.05.14"]
[EventType "swiss"]
[EventRounds "9"]
[EventCountry "CAN"]
[SourceTitle "CBM 65 ext"]
[Source "ChessBase"]
[SourceDate "1998.09.09"]
[SourceVersion "1"]
[SourceVersionDate "1998.09.09"]
[SourceQuality "1"]

1. e4 e6 2. d4 d5 3. e5 c5 4. c3 Nc6 5. Nf3 Bd7 6. Be2 Nge7 7. Na3 cxd4 8. cxd4 Nf5 9. Nc2 Qb6 10. O-O a5 11. Kh1 Rc8 12. Rb1 Nb4 13. Nxb4 Bxb4 14. Qd3 Bf8 15. Bd2 Ne7 16. b4 a4 17. b5 Nf5 18. Bc3 Be7 19. Qd2 Ra8 20. Bb4 O-O 21. a3 Rfc8 22. Rfc1 Qd8 23. g3 Qe8 24. Bxe7 Qxe7 25. Rxc8+ Rxc8 26. Qb2 h6 27. Kg2 g5 28. Ne1 Kg7 29. Nc2 f6 30. Bd3 fxe5 31. dxe5 Qf7 32. Nb4 Kg8 33. Rd1 Rf8 34. Re1 h5 35. Qd2 g4 36. Nc2 Ng7 37. Nd4 h4 38. Re2 h3+ 39. Kg1 Qe7 40. Qh6 Qxa3 41. Bh7+ Kf7 42. Bg6+ 1-0

[Event "Toronto int."]
[Site "Toronto CAN"]
[Date "1998.05.15"]
[Round "3"]
[White "Golyak, Isay"]
[Black "Gandolfi, Fred"]
[Result "1-0"]
[WhiteElo "2290"]
[BlackElo "2210"]
[PlyCount "49"]
[GameId "2160767911873256"]
[EventDate "1998.05.14"]
[EventType "swiss"]
[EventRounds "9"]
[EventCountry "CAN"]
[SourceTitle "CBM 65 ext"]
[Source "ChessBase"]
[SourceDate "1998.09.09"]
[SourceVersion "1"]
[SourceVersionDate "1998.09.09"]
[SourceQuality "1"]

1. e4 c5 2. Nf3 g6 3. d4 Bg7 4. Nc3 b6 5. dxc5 bxc5 6. Qd5 Nc6 7. Bc4 e6 8. Qxc5 Nge7 9. Bf4 O-O 10. Bd6 a6 11. O-O Bb7 12. Na4 f5 13. e5 Nc8 14. Bxf8 Bxf8 15. Qe3 Nb4 16. Bb3 Nd5 17. Qd4 Nce7 18. Nc5 Bc8 19. Bxd5 Nxd5 20. c4 Ne7 21. Nxe6 Qa5 22. Nxf8 Kxf8 23. e6 dxe6 24. Qf6+ Ke8 25. Ne5 1-0

[Event "Toronto int."]
[Site "Toronto CAN"]
[Date "1998.05.15"]
[Round "3"]
[White "Jung, Hans"]
[Black "Linskiy, Oleg"]
[Result "0-1"]
[WhiteElo "2240"]
[BlackElo "2375"]
[PlyCount "66"]
[GameId "2160767911873260"]
[EventDate "1998.05.14"]
[EventType "swiss"]
[EventRounds "9"]
[EventCountry "CAN"]
[SourceTitle "CBM 065 Extra"]
[Source "ChessBase"]
[SourceDate "1998.09.09"]
[SourceVersion "1"]
[SourceVersionDate "1998.09.09"]
[SourceQuality "1"]

1. e4 c5 2. Nf3 Nc6 3. d3 e6 4. g3 d5 5. Nbd2 Bd6 6. Bg2 Nge7 7. O-O O-O 8. Re1 b6 9. Nf1 a5 10. c3 Ba6 11. e5 Bc7 12. d4 b5 13. Bg5 h6 14. Bf4 Bb6 15. g4 Ng6 16. Be3 cxd4 17. cxd4 Nh4 18. Nxh4 Qxh4 19. f4 f5 20. gxf5 Rxf5 21. Rc1 Ne7 22. Ng3 Rf7 23. Rf1 Raf8 24. Nh5 Rf5 25. Bf3 b4 26. Rf2 Rxh5 27. Rg2 Qh3 28. Bf2 Rh4 29. Bxh4 Qxh4 30. Rg4 Qh3 31. Kh1 Bb5 32. Rg3 Qh4 33. Qg1 Nf5 0-1

[Event "Toronto int."]
[Site "Toronto CAN"]
[Date "1998.05.15"]
[Round "3"]
[White "Lamb, Bryan"]
[Black "Okolotowicz, Zbigniew"]
[Result "0-1"]
[WhiteElo "2110"]
[BlackElo "2213"]
[PlyCount "46"]
[GameId "2160767911873263"]
[EventDate "1998.05.14"]
[EventType "swiss"]
[EventRounds "9"]
[EventCountry "CAN"]
[SourceTitle "CBM 65 ext"]
[Source "ChessBase"]
[SourceDate "1998.09.09"]
[SourceVersion "1"]
[SourceVersionDate "1998.09.09"]
[SourceQuality "1"]

1. c4 c5 2. Nf3 Nc6 3. g3 g6 4. d4 cxd4 5. Nxd4 Bg7 6. Nc2 d6 7. Bg2 Be6 8. Ne3 Rc8 9. O-O Qd7 10. Re1 Bh3 11. Bh1 h5 12. Nc3 h4 13. Ne4 Nf6 14. Ng5 hxg3 15. hxg3 Rh5 16. Nd5 Nxd5 17. Bxd5 Nd8 18. Qd3 Qf5 19. Be4 Qf6 20. f4 Bf5 21. Be3 Ne6 22. Qb3 Qxb2 23. Qa4+ b5 0-1

[Event "Toronto int."]
[Site "Toronto CAN"]
[Date "1998.05.15"]
[Round "3"]
[White "Novikov, Igor A"]
[Black "Kudrin, Sergey"]
[Result "1-0"]
[WhiteElo "2550"]
[BlackElo "2565"]
[PlyCount "93"]
[GameId "2160767911873264"]
[EventDate "1998.05.14"]
[EventType "swiss"]
[EventRounds "9"]
[EventCountry "CAN"]
[SourceTitle "CBM 065 Extra"]
[Source "ChessBase"]
[SourceDate "1998.09.09"]
[SourceVersion "1"]
[SourceVersionDate "1998.09.09"]
[SourceQuality "1"]

1. d4 Nf6 2. c4 g6 3. Nc3 d5 4. Bf4 Bg7 5. e3 c5 6. dxc5 Qa5 7. Qa4+ Qxa4 8. Nxa4 Bd7 9. Nc3 Ne4 10. Nxd5 Na6 11. f3 Nexc5 12. Rb1 e6 13. Nc7+ Nxc7 14. Bxc7 Na4 15. Bd6 a6 16. b3 Nc3 17. Rc1 a5 18. a4 Ra6 19. Bc5 Na2 20. Rc2 Rc6 21. Bd4 e5 22. Ba1 Nb4 23. Rd2 Na6 24. Be2 Nc5 25. Bd1 Rb6 26. Rd5 Nxb3 27. Bxe5 Bxe5 28. Rxe5+ Kf8 29. Ne2 Bxa4 30. Kf2 f6 31. Bxb3 Bxb3 32. Rxa5 Bxc4 33. Rc1 Rb4 34. Rc5 b5 35. Ra1 Ke7 36. Nd4 Rb2+ 37. Kg3 Kd6 38. Rc6+ Ke5 39. Raa6 Kd5 40. Rxf6 Bf1 41. Rfd6+ Kc4 42. Rdc6+ Kd3 43. Ra3+ Kd2 44. f4 Bc4 45. Rd6 b4 46. Nf3+ Ke2 47. Ng1+ 1-0

[Event "Toronto int."]
[Site "Toronto CAN"]
[Date "1998.05.15"]
[Round "3"]
[White "Southam, David"]
[Black "Rajlich, Vasik"]
[Result "0-1"]
[WhiteElo "2155"]
[BlackElo "2265"]
[PlyCount "70"]
[GameId "2160767911873266"]
[EventDate "1998.05.14"]
[EventType "swiss"]
[EventRounds "9"]
[EventCountry "CAN"]
[SourceTitle "CBM 065 Extra"]
[Source "ChessBase"]
[SourceDate "1998.09.09"]
[SourceVersion "1"]
[SourceVersionDate "1998.09.09"]
[SourceQuality "1"]

1. e4 c5 2. Nc3 Nc6 3. f4 g6 4. Nf3 Bg7 5. Bc4 d6 6. O-O a6 7. f5 Nf6 8. d3 Na5 9. Bb3 Nxb3 10. axb3 gxf5 11. Qe1 fxe4 12. dxe4 Be6 13. Qh4 Qb6 14. Be3 O-O-O 15. Ng5 h5 16. h3 Bh6 17. Qf2 Rdg8 18. Nxe6 fxe6 19. e5 Nd7 20. exd6 exd6 21. Rae1 Qc6 22. Bxh6 Rxh6 23. Qd2 Rhg6 24. Rf2 Ne5 25. Rxe5 dxe5 26. Qe2 Rg5 27. Qe4 Kc7 28. Kh2 Qxe4 29. Nxe4 Rf5 30. Re2 b6 31. Kh1 Rf1+ 32. Kh2 h4 33. c3 Rd8 34. Ng5 Rdd1 35. g4 Rde1 0-1

[Event "Toronto int."]
[Site "Toronto CAN"]
[Date "1998.05.15"]
[Round "3"]
[White "Taylor, Gordon"]
[Black "Ruiz, Richard"]
[Result "1-0"]
[WhiteElo "2325"]
[BlackElo "2165"]
[PlyCount "53"]
[GameId "2160767911873268"]
[EventDate "1998.05.14"]
[EventType "swiss"]
[EventRounds "9"]
[EventCountry "CAN"]
[SourceTitle "CBM 65 ext"]
[Source "ChessBase"]
[SourceDate "1998.09.09"]
[SourceVersion "1"]
[SourceVersionDate "1998.09.09"]
[SourceQuality "1"]

1. d4 e6 2. c4 Bb4+ 3. Bd2 Qe7 4. g3 Nf6 5. Bg2 O-O 6. Nc3 c5 7. Nf3 Nc6 8. d5 Nd4 9. O-O d6 10. dxe6 fxe6 11. Re1 Rb8 12. Nxd4 cxd4 13. Ne4 Nxe4 14. Bxb4 Nc5 15. Qxd4 e5 16. Qe3 b6 17. b3 Bb7 18. Bxc5 Bxg2 19. Bxd6 Qxd6 20. Kxg2 Rf6 21. Rad1 Qc6+ 22. f3 Qe6 23. Qe4 Kh8 24. Rd5 Rh6 25. h4 Re8 26. Red1 Qf6 27. Qxe5 1-0

[Event "Toronto int."]
[Site "Toronto CAN"]
[Date "1998.05.15"]
[Round "3"]
[White "Wight, Keith"]
[Black "Djerkovic, Miladin"]
[Result "0-1"]
[WhiteElo "2163"]
[BlackElo "2265"]
[PlyCount "86"]
[GameId "2160767911873271"]
[EventDate "1998.05.14"]
[EventType "swiss"]
[EventRounds "9"]
[EventCountry "CAN"]
[SourceTitle "CBM 65 ext"]
[Source "ChessBase"]
[SourceDate "1998.09.09"]
[SourceVersion "1"]
[SourceVersionDate "1998.09.09"]
[SourceQuality "1"]

1. e4 c5 2. Nf3 d6 3. d4 cxd4 4. Nxd4 Nf6 5. Nc3 g6 6. Be3 Bg7 7. f3 O-O 8. Qd2 Nc6 9. O-O-O Nxd4 10. Bxd4 Be6 11. Kb1 Qc7 12. g4 Rfc8 13. h4 Qa5 14. a3 Rab8 15. h5 b5 16. Nd5 Qxd2 17. Nxf6+ Bxf6 18. Rxd2 Bxd4 19. Rxd4 Kg7 20. Be2 g5 21. Rhd1 a5 22. b3 Kf6 23. Kb2 h6 24. a4 bxa4 25. Ra1 axb3 26. c3 Rc5 27. Rda4 Rbc8 28. c4 Bxc4 29. Bxc4 Rxc4 30. Rxc4 Rxc4 31. Rxa5 Rb4 32. Rf5+ Kg7 33. Rd5 Rb6 34. Ra5 e6 35. Ra8 d5 36. exd5 exd5 37. Re8 Re6 38. Rd8 Re3 39. f4 Re4 40. fxg5 hxg5 41. Rxd5 Rxg4 42. Kxb3 f6 43. Rf5 Rh4 0-1

[Event "Toronto int."]
[Site "Toronto CAN"]
[Date "1998.05.15"]
[Round "3"]
[White "Yee, Lorne"]
[Black "Friedman, Aviv"]
[Result "0-1"]
[WhiteElo "2189"]
[BlackElo "2360"]
[PlyCount "98"]
[GameId "2160767911873272"]
[EventDate "1998.05.14"]
[EventType "swiss"]
[EventRounds "9"]
[EventCountry "CAN"]
[SourceTitle "CBM 65 ext"]
[Source "ChessBase"]
[SourceDate "1998.09.09"]
[SourceVersion "1"]
[SourceVersionDate "1998.09.09"]
[SourceQuality "1"]

1. d4 Nf6 2. Bf4 g6 3. e3 Bg7 4. Nf3 d6 5. h3 O-O 6. Be2 Nbd7 7. c3 Qe8 8. O-O e5 9. dxe5 Nxe5 10. Nbd2 Qe7 11. Qc2 b6 12. Nxe5 dxe5 13. Bg5 h6 14. Bh4 Bb7 15. Bf3 Bxf3 16. Nxf3 e4 17. Bxf6 Bxf6 18. Nd4 c5 19. Ne2 Be5 20. Rad1 Rad8 21. c4 f5 22. Nc3 Bxc3 23. bxc3 Qe6 24. Qe2 Kf7 25. Rd5 Rxd5 26. cxd5 Qxd5 27. Rd1 Qe6 28. Qa6 Qe7 29. Qc4+ Kf6 30. Qd5 Qe6 31. Qb7 Rf7 32. Qb8 Rd7 33. Qh8+ Kg5 34. Rxd7 Qxd7 35. h4+ Kh5 36. Qe5 Qd1+ 37. Kh2 Qg4 38. g3 Qf3 39. Kg1 Kg4 40. Qd6 Kh3 41. Kf1 Qh1+ 42. Ke2 Kg2 43. Qxg6 Qf1+ 44. Kd2 Qd3+ 45. Kc1 Qxc3+ 46. Kb1 Qe1+ 47. Kc2 Qxf2+ 48. Kb1 Qxe3 49. h5 Qd3+ 0-1

[Event "Toronto int."]
[Site "Toronto CAN"]
[Date "1998.05.16"]
[Round "4"]
[White "Davies, Nigel Rodney"]
[Black "Taylor, Gordon"]
[Result "1/2-1/2"]
[WhiteElo "2515"]
[BlackElo "2325"]
[PlyCount "49"]
[GameId "2160767911873275"]
[EventDate "1998.05.14"]
[EventType "swiss"]
[EventRounds "9"]
[EventCountry "CAN"]
[SourceTitle "CBM 065 Extra"]
[Source "ChessBase"]
[SourceDate "1998.09.09"]
[SourceVersion "1"]
[SourceVersionDate "1998.09.09"]
[SourceQuality "1"]

1. c4 c5 2. Nf3 Nf6 3. g3 Nc6 4. Bg2 d5 5. cxd5 Nxd5 6. Nc3 Nc7 7. O-O e5 8. d3 Be7 9. Nd2 Bd7 10. Nc4 f6 11. a4 O-O 12. f4 exf4 13. Bxf4 Ne6 14. Bd2 Rc8 15. Nd5 b6 16. Bc3 Ng5 17. h4 Nf7 18. e3 Nh6 19. Rf4 Be6 20. e4 Qd7 21. Qb3 Kh8 22. Raf1 Ng4 23. Qd1 Nge5 24. Nxe5 fxe5 25. Rxf8+ 1/2-1/2